000 00657nam a2200253Ia 4500
001 34574
005 20240114001736.0
007 ta
008 070224s1998 a g b000 u 465 u
020 _cHB
040 _aCotton College,Assan
041 _a465
082 _a921
_bCHU
100 _aChoudhury, Nirad C..
245 0 _aWhy I Mourn for England /
_cNirad C.Choudhury.
_hTextual Documents
250 _a1st ed. /
260 _aCalcutta :
_bMitra & Ghosh publishers ,
_c1998.
300 _a116p. :
_bill ;
_c22cm .
653 _aBiography
653 _aG-Biography
942 _2ddc
_cBK
999 _c34556
_d34556